| 000 | 00978cam a22003373a 4500 | ||
|---|---|---|---|
| 001 | 6688 | ||
| 003 | PGUSA | ||
| 005 | 20140828083135.0 | ||
| 008 | 041001s2004||||xxu|||||s|||||000 1 eng d | ||
| 040 |
_aPGUSA _beng |
||
| 042 | _adc | ||
| 050 | 4 | _aPR | |
| 100 | 1 |
_aEliot, George, _d1819-1880 |
|
| 245 | 1 | 4 |
_aThe Mill on the Floss _h[electronic resource] / _cGeorge Eliot |
| 260 |
_bProject Gutenberg, _c2004 |
||
| 506 | _aPublic domain in the USA. | ||
| 516 | _aElectronic text | ||
| 653 | _aWater mills -- Fiction | ||
| 653 | _aConflict of generations -- Fiction | ||
| 653 | _aVendetta -- Fiction | ||
| 653 | _aDomestic fiction | ||
| 653 | _aEngland -- Fiction | ||
| 653 | _aYoung women -- Fiction | ||
| 653 | _aBrothers and sisters -- Fiction | ||
| 653 | _aLoss (Psychology) -- Fiction | ||
| 653 | _aLove stories | ||
| 653 | _aPsychological fiction | ||
| 830 | 0 |
_aProject Gutenberg _v6688 |
|
| 856 | 4 | 0 | _uhttp://www.gutenberg.org/ebooks/6688 |
| 942 | _cEB | ||
| 999 |
_c236008 _d236008 |
||